Romain Roland / [por] Tamara Matylova

Збережено в:
Бібліографічні деталі
Автор: Matylova, Tamara (autor)
Формат: Книга
Серія:Estudios biográficos
Предмети:
Теги: Додати тег
Немає тегів, Будьте першим, хто поставить тег для цього запису!

MARC

LEADER 00000nam^a2200000^u^4500
001 000546001
005 20250521000000.0
008 060220s1000^^^^^^^^^^^^r^^^^^000^0^spa^d
009 20260310131400.579
022 |a 9684270704 
035 |a FMI 000015492 
037 |a Acervo Xavier Clavigero 
096 |a 3.6.2/33/E 
100 |a Matylova, Tamara  |e (autor) 
245 1 0 |a Romain Roland / [por] Tamara Matylova 
264 |a México, D.F. : Nuestro Tiempo, 1980 
300 |a 374 p. 
336 |a texto  |b txt  |2 rdacontenido 
337 |a sin mediación  |b n  |2 rdamedio 
338 |a volumen  |b nc  |2 rdasoporte 
440 0 |a Estudios biográficos 
649 |a XX 
650 |a 1. Roland, Romain 
650 |a PERSONAJES CELEBRES 
910 |a Fondo Francisco Migoya Covarrubias S.J. 
920 |a Impresos - Libros 
930 |a Fondos Especiales 
905 |a 134 
901 |a SBC23576  |b IT2  |c ESP  |u 20250521 
902 |a https://opac.biblio.iteso.mx/vufind/Record/000546001